[Event "Gibraltar Masters 11th"]
[Site "Caleta"]
[Date "2013.01.29"]
[Round "8"]
[White "Boesch, Heinz"]
[Black "Zanetti, Bruno"]
[Result "1-0"]
[WhiteElo "1904"]
[BlackElo "2030"]
[PlyCount "63"]
[EventDate "2013.01.22"]
[EventType "swiss"]
[EventRounds "10"]
[EventCountry "GGB"]
[SourceTitle "CBM 153"]
[Source "ChessBase"]
[SourceDate "2013.03.14"]
[SourceVersion "1"]
[SourceVersionDate "2013.03.14"]
[SourceQuality "1"]

1. c4 f5 2. g3 e5 3. Bg2 Nf6 4. Nc3 Nc6 5. d3 Bc5 6. e3 0-0 7. Nge2 d6 8. 0-0 Qe8 9. Nd5 Nxd5 10. cxd5 Ne7 11. d4 Bb6 12. a4 a5 13. dxe5 dxe5 14. b3 Ng6 15. Ba3 Rf7 16. Rc1 f4 17. exf4 exf4 18. Nd4 fxg3 19. hxg3 Qe5 20. Bc5 Bxc5 21. Rxc5 h5 22. Re1 Qd6 23. Re8+ Nf8 24. Qc2 h4 25. gxh4 Qf4 26. Ne6 Bxe6 27. Rxa8 Bg4 28. Rc4 Qf5 29. Qxf5 Bxf5 30. d6 c6 31. Rxa5 Be6 32. Rb4 1-0

[Event "Gibraltar Challengers-B 11th"]
[Site "Caleta"]
[Date "2013.01.26"]
[Round "1"]
[White "Zanetti, Bruno"]
[Black "Vea, Odin Blikra"]
[Result "0-1"]
[WhiteElo "2030"]
[BlackElo "2233"]
[PlyCount "86"]
[EventDate "2013.01.26"]
[EventType "swiss"]
[EventRounds "5"]
[EventCountry "GGB"]
[SourceTitle "EXT 2014"]
[Source "ChessBase"]
[SourceDate "2013.11.20"]
[SourceVersion "1"]
[SourceVersionDate "2013.11.20"]
[SourceQuality "1"]

1. d4 c5 2. d5 e5 3. c4 d6 4. Nc3 Be7 5. e4 a6 6. a4 Bg5 7. Nf3 Bxc1 8. Rxc1 Ne7 9. Be2 Ng6 10. 0-0 Nf4 11. Qd2 Nd7 12. Rfd1 Qf6 13. Qe3 Qh6 14. Bf1 Nf6 15. Ne2 g5 16. Ng3 Qg6 17. b4 Nd7 18. Qc3 cxb4 19. Qxb4 g4 20. Nh4 Qf6 21. Nhf5 Nc5 22. Qb6 Bxf5 23. exf5 h5 24. Re1 Qd8 25. Qb1 Qa5 26. Ne4 0-0-0 27. Ng5 h4 28. Nxf7 g3 29. fxg3 hxg3 30. hxg3 Nh5 31. Nxh8 Rxh8 32. Re3 Qd2 33. Rce1 Nf6 34. Qd1 Qa5 35. g4 Nce4 36. Bd3 Rh1+ 37. Kxh1 Nf2+ 38. Kg1 Nxd1 39. Rxd1 Nxg4 40. Rf3 Qb6+ 41. Kh1 Nf2+ 42. Rxf2 Qxf2 43. Rf1 Qh4+ 0-1

[Event "Gibraltar Masters 11th"]
[Site "Caleta"]
[Date "2013.01.25"]
[Round "4"]
[White "Tscharotschkin, Michael"]
[Black "Zanetti, Bruno"]
[Result "1-0"]
[WhiteElo "2200"]
[BlackElo "2030"]
[PlyCount "73"]
[EventDate "2013.01.22"]
[EventType "swiss"]
[EventRounds "10"]
[EventCountry "GGB"]
[SourceTitle "CBM 153"]
[Source "ChessBase"]
[SourceDate "2013.03.14"]
[SourceVersion "1"]
[SourceVersionDate "2013.03.14"]
[SourceQuality "1"]

1. d4 d5 2. Nf3 e6 3. c4 c6 4. e3 f5 5. Bd3 Nf6 6. 0-0 Be7 7. b3 0-0 8. Ba3 Ne4 9. Bxe7 Qxe7 10. Ne5 Nd7 11. Nxd7 Bxd7 12. f3 Nd6 13. c5 Nf7 14. f4 b6 15. cxb6 axb6 16. Nd2 Ra3 17. Qc2 Rfa8 18. Nb1 R3a5 19. Nc3 c5 20. Ne2 Nd6 21. Rfc1 Rc8 22. dxc5 bxc5 23. Qd2 Ra7 24. Nc3 c4 25. bxc4 Nxc4 26. Bxc4 Rxc4 27. Ne2 Rxc1+ 28. Rxc1 Bb5 29. Rc8+ Kf7 30. Nd4 Bd7 31. Rh8 Qa3 32. Nf3 Rb7 33. h3 h6 34. Ne5+ Ke7 35. Rg8 Rb2 36. Rxg7+ Kf8 37. Qd4 1-0

[Event "Trans Europa Schach Express"]
[Site "Potsdam"]
[Date "2012.10.13"]
[Round "4.2"]
[White "Bolt, Graham"]
[Black "Zanetti, Bruno"]
[Result "1-0"]
[WhiteElo "2063"]
[BlackElo "2012"]
[PlyCount "131"]
[EventDate "2012.10.13"]
[EventType "team-tourn"]
[EventRounds "9"]
[EventCountry "GER"]
[SourceTitle "CBM 150 Extra"]
[Source "ChessBase"]
[SourceDate "2012.10.19"]
[SourceVersion "1"]
[SourceVersionDate "2012.10.19"]
[SourceQuality "1"]
[WhiteTeam "Great Britain"]
[BlackTeam "Switzerland"]
[WhiteTeamCountry "GBR"]
[BlackTeamCountry "SUI"]

1. g3 Nf6 2. Bg2 g6 3. d3 Bg7 4. a3 0-0 5. Nc3 d5 6. e3 c5 7. Nge2 Nc6 8. 0-0 Bg4 9. h3 Be6 10. Nf4 Qd7 11. Nxe6 Qxe6 12. Kh2 Qd6 13. Rb1 e5 14. Bd2 Rad8 15. Nb5 Qe7 16. Qe2 a6 17. Nc3 Qe6 18. Na4 Qd6 19. b4 cxb4 20. axb4 Nd7 21. b5 axb5 22. Rxb5 Qa3 23. Nc3 d4 24. Ne4 Rb8 25. Rfb1 f5 26. Ng5 Qe7 27. Bd5+ Kh8 28. Rxb7 Qxg5 29. Bxc6 Rxb7 30. Rxb7 dxe3 31. Bxe3 f4 32. Bd2 Nc5 33. Ra7 Ne6 34. c3 h5 35. Bd5 Nc5 36. Rc7 Na6 37. Rc4 Qf6 38. Rc6 fxg3+ 39. fxg3 Qf2+ 40. Qxf2 Rxf2+ 41. Kg1 Rxd2 42. Rxa6 Rxd3 43. Be4 Rxg3+ 44. Kh2 Rxc3 45. Bxg6 Rc8 46. Bxh5 Rf8 47. Re6 Bf6 48. Kg3 Kg7 49. Bg4 Bg5 50. h4 Bf4+ 51. Kh3 Rd8 52. Kg2 Rd2+ 53. Kf3 Rd3+ 54. Ke4 Rg3 55. Kf5 Rd3 56. Re7+ Kf8 57. Rb7 Rd6 58. Bf3 Rh6 59. h5 Rd6 60. Ra7 Rb6 61. Bd5 Rd6 62. Be6 Ke8 63. Rh7 Kf8 64. h6 Bxh6 65. Rxh6 e4 66. Kf6 1-0

[Event "Gibraltar Challengers-B 8th"]
[Site "Caleta"]
[Date "2010.02.04"]
[Round "5"]
[White "Zanetti, Bruno"]
[Black "Thingstad, Even"]
[Result "0-1"]
[WhiteElo "1978"]
[BlackElo "2141"]
[PlyCount "50"]
[EventDate "2010.01.31"]
[EventType "swiss"]
[EventRounds "5"]
[EventCountry "GGB"]
[SourceTitle "EXT 2011"]
[Source "ChessBase"]
[SourceDate "2010.11.26"]
[SourceVersion "1"]
[SourceVersionDate "2010.11.26"]
[SourceQuality "1"]

1. d4 Nf6 2. c4 e6 3. Nf3 b6 4. g3 Ba6 5. Qc2 Bb4+ 6. Bd2 Be7 7. Bg2 d5 8. cxd5 exd5 9. Nc3 0-0 10. 0-0 c6 11. Rfe1 Re8 12. Ne5 Bb7 13. Rad1 Nbd7 14. e4 Nf8 15. exd5 cxd5 16. Qa4 Ne6 17. Bh3 Bf8 18. f4 Nxd4 19. Be3 Ne6 20. b4 a5 21. b5 Bb4 22. Bxe6 Rxe6 23. Bd4 Rc8 24. Re3 Bc5 25. Nxf7 Kxf7 0-1

[Event "Gibraltar Masters 8th"]
[Site "Caleta"]
[Date "2010.02.03"]
[Round "9"]
[White "Boesch, Heinz"]
[Black "Zanetti, Bruno"]
[Result "1/2-1/2"]
[WhiteElo "1948"]
[BlackElo "1978"]
[PlyCount "60"]
[EventDate "2010.01.26"]
[EventType "swiss"]
[EventRounds "10"]
[EventCountry "GGB"]
[SourceTitle "CBM 134 Extra"]
[Source "ChessBase"]
[SourceDate "2010.03.03"]
[SourceVersion "1"]
[SourceVersionDate "2010.03.03"]
[SourceQuality "1"]

1. e4 c5 2. d4 cxd4 3. c3 dxc3 4. Nxc3 d6 5. Bc4 Nc6 6. Nf3 Nf6 7. e5 dxe5 8. Qxd8+ Nxd8 9. Nxe5 a6 10. 0-0 Be6 11. Be2 g6 12. Bf3 Bg7 13. Re1 0-0 14. Be3 Nd7 15. Nxd7 Bxd7 16. Bc5 Nc6 17. Nd5 Rac8 18. Bxe7 Rfe8 19. Nf6+ Bxf6 20. Bxf6 Rxe1+ 21. Rxe1 Re8 22. Rxe8+ Bxe8 23. a3 Bd7 24. Kf1 Kf8 25. Ke2 Ke8 26. Kd3 Bf5+ 27. Kc4 Kd7 28. b4 Be6+ 29. Kc5 Kc7 30. Bxc6 bxc6 1/2-1/2

[Event "Gibraltar Challengers-A 8th"]
[Site "Caleta"]
[Date "2010.01.29"]
[Round "4"]
[White "Zanetti, Bruno"]
[Black "Fegan, Chris"]
[Result "1-0"]
[WhiteElo "1978"]
[BlackElo "2093"]
[PlyCount "57"]
[EventDate "2010.01.26"]
[EventType "swiss"]
[EventRounds "5"]
[EventCountry "GGB"]
[SourceTitle "CBM 134 Extra"]
[Source "ChessBase"]
[SourceDate "2010.03.03"]
[SourceVersion "1"]
[SourceVersionDate "2010.03.03"]
[SourceQuality "1"]

1. d4 g6 2. c4 Bg7 3. Nc3 d6 4. e4 a6 5. Be3 Nd7 6. Qd2 e5 7. d5 b6 8. g4 Nc5 9. f3 h5 10. g5 f5 11. gxf6 Qxf6 12. 0-0-0 Bh6 13. b4 Nb7 14. h4 a5 15. Nb5 Bxe3 16. Qxe3 Qg7 17. a3 Nd8 18. c5 bxc5 19. bxc5 Nb7 20. cxd6 Nxd6 21. Qc5 Nxb5 22. Qc6+ Bd7 23. Qxa8+ Kf7 24. Bxb5 Bxb5 25. Qxa5 Bd7 26. Nh3 Nf6 27. Ng5+ Ke7 28. Qc5+ Kd8 29. d6 1-0

[Event "Palma de Mallorca op 4th"]
[Site "Palma de Mallorca"]
[Date "2009.11.24"]
[Round "5"]
[White "Galiana Salom, Juan Ramon"]
[Black "Zanetti, Bruno"]
[Result "1-0"]
[WhiteElo "2221"]
[BlackElo "1988"]
[PlyCount "61"]
[EventDate "2009.11.21"]
[EventType "swiss"]
[EventRounds "9"]
[EventCountry "ESP"]
[SourceTitle "EXT 2011"]
[Source "ChessBase"]
[SourceDate "2010.11.26"]
[SourceVersion "1"]
[SourceVersionDate "2010.11.26"]
[SourceQuality "1"]

1. e4 c5 2. Nf3 Nc6 3. d4 cxd4 4. Nxd4 e5 5. Nb5 d6 6. N1c3 a6 7. Na3 Nf6 8. Nc4 Be6 9. Bg5 Nd4 10. Nd5 Bxd5 11. exd5 h6 12. Bxf6 Qxf6 13. c3 Nb5 14. Nb6 Rb8 15. Bxb5+ axb5 16. Qe2 Qd8 17. Qxb5+ Ke7 18. f4 f6 19. fxe5 fxe5 20. 0-0 g6 21. Rf2 Bg7 22. Raf1 Rf8 23. Rxf8 Bxf8 24. Nd7 Qxd7 25. Rf7+ Kxf7 26. Qxd7+ Kf6 27. Kf2 Ra8 28. a4 b6 29. b3 h5 30. h4 b5 31. a5 1-0

[Event "Gibraltar Masters 7th"]
[Site "Gibraltar"]
[Date "2009.01.31"]
[Round "5"]
[White "Zanetti, Bruno"]
[Black "Drenth, Jean Paul"]
[Result "1-0"]
[WhiteElo "2007"]
[BlackElo "2140"]
[PlyCount "81"]
[EventDate "2009.01.27"]
[EventType "swiss"]
[EventRounds "10"]
[EventCountry "ENG"]
[SourceTitle "CBM 128 Extra"]
[Source "ChessBase"]
[SourceDate "2009.03.05"]
[SourceVersion "2"]
[SourceVersionDate "2009.03.25"]
[SourceQuality "1"]

1. d4 Nf6 2. c4 c5 3. d5 e5 4. Nc3 d6 5. e4 Be7 6. Nge2 Nh5 7. h3 Bg5 8. Bxg5 Qxg5 9. Qa4+ Bd7 10. Qb3 b6 11. Nb5 Bxb5 12. Qxb5+ Nd7 13. Qc6 Ke7 14. h4 Qg6 15. Nc3 Rab8 16. g4 Nf4 17. f3 a6 18. Nd1 Rhc8 19. Qa4 Rc7 20. Ne3 Kf8 21. Qxa6 Rbb7 22. Qa8+ Nb8 23. Qa4 Qf6 24. Qb3 g6 25. g5 Qd8 26. Bh3 h5 27. Bf1 Na6 28. Ng2 Nxg2+ 29. Bxg2 b5 30. 0-0 bxc4 31. Qxc4 Qa8 32. f4 exf4 33. Rxf4 Rb4 34. Qc3 Kg8 35. Raf1 Qe8 36. Rf6 Rd4 37. Qa5 Ra4 38. Qb6 Rxa2 39. Qxd6 Rd7 40. Qf4 Rxb2 41. Rxa6 1-0

[Event "Gibraltar Masters 7th"]
[Site "Gibraltar"]
[Date "2009.01.27"]
[Round "1"]
[White "Zanetti, Bruno"]
[Black "Samuelsson, Sven Gunnar"]
[Result "1-0"]
[WhiteElo "2007"]
[BlackElo "2143"]
[PlyCount "67"]
[EventDate "2009.01.27"]
[EventType "swiss"]
[EventRounds "10"]
[EventCountry "ENG"]
[SourceTitle "CBM 128 Extra"]
[Source "ChessBase"]
[SourceDate "2009.03.05"]
[SourceVersion "2"]
[SourceVersionDate "2009.03.25"]
[SourceQuality "1"]

1. d4 d5 2. Nf3 Nf6 3. c4 c6 4. Nc3 e6 5. Bg5 dxc4 6. e4 b5 7. e5 h6 8. exf6 hxg5 9. fxg7 Bxg7 10. Be2 Nd7 11. 0-0 g4 12. Ne1 Qh4 13. h3 gxh3 14. Nf3 Qg4 15. g3 h2+ 16. Kh1 Bb7 17. Ne5 c5+ 18. d5 Qd4 19. Nxd7 Kxd7 20. Qc2 Bxd5+ 21. f3 Kc6 22. Rad1 Qe5 23. Nxd5 exd5 24. b3 c3 25. Rfe1 Qd6 26. a4 bxa4 27. bxa4 Bd4 28. Bb5+ Kc7 29. Qf5 c2 30. Rxd4 cxd4 31. Qxc2+ Kb6 32. Rb1 a6 33. Bc6+ Ka7 34. Rb7# 1-0

[Event "Lenk op 20th"]
[Site "Lenk"]
[Date "2008.03.23"]
[Round "5"]
[White "Tellenbach, Erwin"]
[Black "Zanetti, Bruno"]
[Result "0-1"]
[WhiteElo "1848"]
[BlackElo "2006"]
[PlyCount "60"]
[EventDate "2008.03.20"]
[EventType "swiss"]
[EventRounds "7"]
[EventCountry "SUI"]
[SourceTitle "CBM 123 Extra"]
[Source "ChessBase"]
[SourceDate "2008.05.06"]
[SourceVersion "1"]
[SourceVersionDate "2008.05.06"]
[SourceQuality "1"]

1. b4 c5 2. bxc5 e5 3. Bb2 Nc6 4. Nf3 Bxc5 5. Nxe5 Bxf2+ 6. Kxf2 Qf6+ 7. Nf3 Qxb2 8. Nc3 Nf6 9. h3 0-0 10. Rb1 Qa3 11. Rb3 Qc5+ 12. e3 d5 13. Qb1 Ne4+ 14. Nxe4 dxe4 15. Ne1 f5 16. Rb5 Qd6 17. Bc4+ Kh8 18. d4 f4 19. c3 fxe3+ 20. Kxe3 Qg3+ 21. Kd2 Rf2+ 22. Kd1 Qxc3 23. Be2 Qxd4+ 24. Nd3 exd3 25. Bf3 Qe3 26. Rb2 Rxf3 27. Re1 Rf1 28. Rxf1 Bd7 29. Rf3 Qg1+ 30. Kd2 Qxg2+ 0-1

[Event "Rail 5 countries 23rd"]
[Site "Zakopane"]
[Date "2007.09.29"]
[Round "2.1"]
[White "Bolt, Graham"]
[Black "Zanetti, Bruno"]
[Result "1-0"]
[WhiteElo "2097"]
[BlackElo "2003"]
[PlyCount "55"]
[EventDate "2007.09.28"]
[EventType "team-tourn"]
[EventRounds "5"]
[EventCountry "POL"]
[SourceTitle "EXT 2010"]
[Source "ChessBase"]
[SourceDate "2010.11.25"]
[SourceVersion "1"]
[SourceVersionDate "2010.11.25"]
[SourceQuality "1"]
[WhiteTeam "England"]
[BlackTeam "Switzerland"]
[WhiteTeamCountry "ENG"]
[BlackTeamCountry "SUI"]

1. e4 c5 2. Nf3 Nc6 3. d4 cxd4 4. Nxd4 e5 5. Nb5 d6 6. N1c3 a6 7. Na3 Nf6 8. Bg5 Be6 9. Nc4 Rc8 10. Ne3 Nd4 11. Bd3 Be7 12. 0-0 0-0 13. Bxf6 Bxf6 14. Ncd5 Bxd5 15. Nxd5 Ne6 16. c3 Bg5 17. g3 g6 18. Bc2 Rc5 19. Qe2 Kh8 20. Rad1 f5 21. exf5 gxf5 22. f4 Rxd5 23. Rxd5 Qb6+ 24. Kh1 Qc6 25. Qg2 exf4 26. Rxf5 Qxg2+ 27. Kxg2 Rxf5 28. Bxf5 1-0